| 000 | 01055aab a2200205 i 4500 | ||
|---|---|---|---|
| 001 | 768714001 | ||
| 003 | CO-MdFUSB | ||
| 005 | 20240618062716.0 | ||
| 008 | 240419t1987 ag ||||| |||| 00| 0 spa d | ||
| 040 |
_bspa _cCO-MdFUSB |
||
| 041 | _aspa | ||
| 100 | 1 |
_aBosch, David J. _eautor |
|
| 245 | 1 | 0 |
_aEvangelismo : _bcorrientes y contracorrientes teológicas de hoy _c/ David J. Bosch |
| 300 |
_aVolumen 6, número 4 (diciembre, 1987), páginas: 6 - 13 _c; 27 cm |
||
| 520 | _aEl propósito de este trabajo es proporcionar una descripción concisa de las formas en que se entiende y practica la evangelización hoy en día. Uno de los problemas es que diferentes personas entienden la evangelización de manera diferente. Otro problema es la terminología. La expresión más antigua que aún domina en las iglesias tradicionales es la de "evangelismo".. | ||
| 650 | 0 |
_aMisiones _9154 |
|
| 650 | 7 |
_aCristianismo _2 _922 |
|
| 773 | 0 |
_tIglesia y Misión _049402 _959679 _gVolumen 6, número 4 (diciembre, 1987), páginas: 6 - 13 _qpágina: 6 |
|
| 942 | _cANA | ||
| 999 |
_c51729 _d51729 |
||